Menová politika maďarskej centrálnej banky diplomová práca

Guardado en:
Detalles Bibliográficos
Autor principal: Pék, Adrián
Autor Corporativo: Národohospodárska fakulta EU. Katedra bankovníctva a medzinárodných financií
Otros Autores: Nemec, Marián
Formato: Libro
Lenguaje:eslovaco
Publicado: Bratislava 2012
Etiquetas: Agregar Etiqueta
Sin Etiquetas, Sea el primero en etiquetar este registro!

MARC

LEADER 00000nbm a2200000 4500
001 0153439
005 20161109102113.6
041 0 |a slo 
044 |a SK 
245 1 0 |a Menová politika maďarskej centrálnej banky  |b diplomová práca  |c Adrián Pék ; školiteľ: Marián Nemec 
264 1 |a Bratislava  |c 2012 
300 |a 55 s. 
100 1 |a Pék, Adrián 
700 1 |a Nemec, Marián 
710 2 |a Národohospodárska fakulta EU. Katedra bankovníctva a medzinárodných financií